| 000 | 00712nam a2200205 a 4500 | ||
|---|---|---|---|
| 999 |
_c3703 _d3703 |
||
| 001 | 3703 | ||
| 003 | BD-JhCC | ||
| 005 | 20171116182519.0 | ||
| 008 | 171105b1371 bg a|||| |||| 000 0 ben d | ||
| 035 | _a(BD-JhCC) | ||
| 040 |
_aBD-JhCC _dBD-JhCC |
||
| 041 | _aben | ||
| 082 |
_a923.1 _bABD 1371 |
||
| 100 | _aআবদুল্লাহ, কাজী আবু মোহাম্মদ | ||
| 245 |
_aছোটদের কেনেডী / _cকাজী আবু মোহাম্মদ আবদুল্লাহ |
||
| 260 |
_aঢাকা : _bআহমদ পাবলিশিং হাউস ; _c১৩৭১ |
||
| 300 |
_a৮০ পৃ. ; _c১২ সেমি |
||
| 650 | _aBiography | ||
| 942 |
_2ddc _cBK |
||